书目信息 |
| 题名: |
古建筑彩画技艺
|
|
| 作者: | 魏琼 , 刘雨卿 主编 | |
| 分册: | ||
| 出版信息: | 北京 清华大学出版社 2025.01 |
|
| 页数: | 199页 | |
| 开本: | 26cm | |
| 丛书名: | ||
| 单 册: | ||
| 中图分类: | TU-851 | |
| 科图分类: | ||
| 主题词: | 古建筑--gu jian zhu--彩绘--绘画技法--中国 | |
| 电子资源: | ||
| ISBN: | 978-7-302-67917-2 | |
| 000 | 01396nam0 2200277 450 | |
| 001 | 92294 | |
| 005 | 20250817204023.45 | |
| 010 | @a978-7-302-67917-2@dCNY49.00 | |
| 099 | @aCAL 012025015530 | |
| 100 | @a20250305d2025 em y0chiy50 ea | |
| 101 | 0 | @achi |
| 102 | @aCN@b110000 | |
| 105 | @aak a 000yy | |
| 106 | @ar | |
| 200 | 1 | @a古建筑彩画技艺@Agu jian zhu cai hua ji yi@f魏琼, 刘雨卿主编 |
| 210 | @a北京@c清华大学出版社@d2025.01 | |
| 215 | @a199页@c图@d26cm | |
| 314 | @a魏琼 (研究生, 合肥工业大学), 江苏城乡建设职业学院古建筑工程技术专业专任教师, 双师型教师 (讲师+建筑师), 长期奋战在教学一线, 拥有丰富的教学和实践经验, 致力于将实际经验与教学相结合, 能引导学生学习全面的古建筑彩画技艺知识并指导彩画绘制工艺实训。刘雨卿 (研究生, 新加坡南洋理工大学), 江苏城乡建设职业学院古建筑工程技术专业专任教师, 长期从事古建筑工程技术教学工作, 在古建筑彩画作、营造法原、园林古建筑制图等方面有丰富的知识储备, 不仅在教育领域表现出色, 还进行多项传统建筑营造领域的相关课题研究。 | |
| 320 | @a有书目 | |
| 330 | @a本书以介绍工艺做法为主, 分为9个项目, 对古建筑彩画作的起源、发展、特色、价值、等级分类、彩画部位和色彩规则进行了梳理, 接着对各种纹样的上色工艺进行了整理。 | |
| 606 | 0 | @a古建筑@Agu jian zhu@x彩绘@x绘画技法@y中国 |
| 690 | @aTU-851@v5 | |
| 701 | 0 | @a魏琼@Awei qiong@4主编 |
| 701 | 0 | @a刘雨卿@Aliu yu qing@4主编 |
| 801 | 0 | @aCN@c20250909 |
| 905 | @a河南城建学院图书馆@dTU-851@eW591@f1 | |
| 古建筑彩画技艺/魏琼, 刘雨卿主编.-北京:清华大学出版社,2025.01 |
| 199页:图;26cm |
| ISBN 978-7-302-67917-2:CNY49.00 |
| 本书以介绍工艺做法为主, 分为9个项目, 对古建筑彩画作的起源、发展、特色、价值、等级分类、彩画部位和色彩规则进行了梳理, 接着对各种纹样的上色工艺进行了整理。 |
| ● |
| 相关链接 |
|
|
|
正题名:古建筑彩画技艺
索取号:TU-851/W591
 
预约/预借
| 序号 | 登录号 | 条形码 | 馆藏地/架位号 | 状态 | 备注 |
| 1 | 1626258 | 216262586 | 建筑库101/101建筑库 16排3列3层/ [索取号:TU-851/W591] | 在馆 |